000 00633nam a2200265Ia 4500
005 20260324152827.0
008 008 260324s9999 xx 000 0 eng d
020 _a9780081011027
037 _aEBOOK
040 _aCRL
040 _beng
040 _cCRL
041 _2eng
041 _aeng
084 _qCRL
100 _aBrandon, Nigel
_91229861
245 0 _aSolid Oxide Fuel Cell Lifetime and Reliability
260 _bElsevier
260 _c2017
650 _aEnergy
856 _uhttps://www.sciencedirect.com/science/book/9780081011027
942 _cEBOOK
999 _c1840782
_d1840782